000
00225nam a2200109 4500
082
_a
KAZ
100
_a
Kami, S.M.A
245
_a
Solid Mechanics
260
_a
India:
_b
Tata McGraw-Hill,
_c
1995.
300
_a
450p. ;
942
_c
BK
999
_c
9205
_d
9205